000 00893cam a2200253 a 4500
001 000012839
005 20200929163102.0
008 950718s1994 ve b 000 0 spa
020 _a9800718761
040 _aDO-SdBNP
_bspa
_cLC
_dBNPHU
082 _a342.0687
_bG241f
100 1 _aGarrido Rovira, Juan.
_929689
245 1 0 _aFundaciones del estado en Venezuela /
_cJuan Garrido Rovira y Guadalupe Viloria Fuenmayor.
260 _aCaracas :
_bTorino,
_c1994.
300 _a127 p. ;
_c22 cm.
504 _aIncluye referencias bibliográfica y notas al pie de páginas.
650 4 _aDerecho administrativo
_zVenezuela
_929690
650 4 _aDerecho civil
_93574
650 4 _aLegislación
_zVenezuela
_93833
650 4 _aInstituciones públicas
_zVenezuela
_929691
700 1 _aViloria Fuenmayor, Guadalupe.
_929692
910 _aCatalogación por copia / LC
999 _a1
_n0000168
_c12487
_d12487
049 _aBNGR